Pohľady na oceňovanie podnikov a firiem Rozlíšenie základných ekonomických kategórií

Finančné a vnútropodnikové účtovníctvo ako rozdielne ekonomické kategórie, ich obsah a miesto v informačnom systéme podniku a podnikovom úštovníctve.

Salvato in:
Dettagli Bibliografici
Autore principale: Gambošová, Ľ.
Natura: Capitolo di libro
Lingua:slovacco
Soggetti:
Tags: Aggiungi Tag
Nessun Tag, puoi essere il primo ad aggiungerne!!

MARC

LEADER 00000naa a2200000 4500
001 r014515
005 20221205080648.8
041 0 |a slo 
044 |a SK 
245 1 0 |a Pohľady na oceňovanie podnikov a firiem  |b Rozlíšenie základných ekonomických kategórií  |c Ľ. Gambošová 
520 |a Finančné a vnútropodnikové účtovníctvo ako rozdielne ekonomické kategórie, ich obsah a miesto v informačnom systéme podniku a podnikovom úštovníctve. 
610 2 0 |a účtovníctvo finančné 
610 2 0 |a účtovníctvo vnútropodnikové 
610 2 0 |a kategórie ekonomické 
610 2 0 |a oceňovanie 
610 2 0 |a podnik 
610 2 0 |a firmy 
100 1 |a Gambošová, Ľ.